| 000 | 01087nam a22003137a 4500 | ||
|---|---|---|---|
| 001 | 6948 | ||
| 003 | FISKH | ||
| 005 | 20250611141914.0 | ||
| 008 | 250611b cb ||||| |||| 00| 0 eng d | ||
| 020 | _a9780545375085 | ||
| 040 |
_aFISKH _beng _cFISKH _dFISKH |
||
| 050 | _aPZ7.T211135 M | ||
| 082 | _a813.6 | ||
| 100 | _aTashjian, Janet | ||
| 245 |
_aMy life as a book / _cBy Janet Tashjian : Cartoons by Jake Tashjian |
||
| 250 | _aFirst Scholastic printing, May 2011 | ||
| 260 |
_aNew York : _bScholastic , _c2010. |
||
| 300 |
_a211 pages : _billustrations ; _c20 cm . |
||
| 490 |
_aDerek Fallon _vBook 1 |
||
| 505 | _aW | ||
| 520 | _aDubbed a "reluctant reader" by his teacher, twelve-year-old Derek spends summer vacation learning important lessons even though he does not complete his summer reading list. | ||
| 521 | 8 |
_a880
_bLexile |
|
| 521 | 8 |
_aW
_bRaz-Plus |
|
| 650 |
_aReluctant reader _vRealistic fiction |
||
| 650 |
_aMartha's Vineyard _vRealistic fiction |
||
| 700 |
_aTashjian, Jake _eIllustrator |
||
| 942 |
_2ddc _cBK _n0 |
||
| 999 |
_c6948 _d6948 |
||